Mundo y dios al encuentro: el evolucionismo cristiano de Teilhard de Chardin
Saved in:
| Hovedforfatter: | |
|---|---|
| Format: | Bog |
| Sprog: | spansk |
| Udgivet: |
Barcelona
Nova Terra
1966
|
| Udgivelse: | 3a. ed |
| Serier: | Síntesis
|
| Fag: | |
| Tags: |
Tilføj Tag
Ingen Tags, Vær først til at tagge denne postø!
|
MARC
| LEADER | 00000nam a2200000 a 4500 | ||
|---|---|---|---|
| 001 | UCS9546 | ||
| 003 | CL-VaPUC | ||
| 008 | 971121e19660000SP |||||||||||||||||spa|d | ||
| 082 | 0 | 4 | |a 231.765 |b COL |2 21 |
| 100 | |a Colomer, Eusebi |e author |9 334868 | ||
| 245 | 1 | 0 | |a Mundo y dios al encuentro: el evolucionismo cristiano de Teilhard de Chardin |
| 250 | |a 3a. ed | ||
| 300 | |a 142 p | ||
| 942 | |c BK | ||
| 945 | |d 19971121 00:00:00 |a jquezada | ||
| 260 | |a Barcelona |b Nova Terra |c 1966 | ||
| 650 | 0 | |a Dios |9 266622 | |
| 650 | 7 | |a EVOLUCIONISMO CRISTIANO |2 CL-VaPUC |9 394716 | |
| 650 | 0 | |a Espiritualidad |9 267331 | |
| 650 | 0 | |a Cosmología |9 269138 | |
| 650 | 0 | |a Cristianismo |9 257361 | |
| 650 | 0 | |a Fenomenología |9 256519 | |
| 583 | |a last modification |c 19971121 00:00:00 |k Rodrigo Vera | ||
| 490 | 0 | |a Síntesis | |
| 999 | |c 263329 |d 263327 | ||
| 952 | |0 0 |1 0 |4 0 |6 231_765000000000000_COL_1966 |7 0 |8 A |9 292558 |a BIBTEO |b BIBTEO |d 2019-11-19 |i 3367959 |o 231.765 COL 1966 |p 3367959 |r 2025-01-17 |w 2019-11-19 |y BK |k ICR | ||
| 952 | |0 0 |1 0 |4 0 |6 231_765000000000000_COL_1966 |7 0 |8 A |9 292559 |a BIBTEO |b BIBTEO |d 2019-11-19 |i 3368076 |o 231.765 COL 1966 |p 3368076 |r 2025-01-17 |w 2019-11-19 |y BK |k ICR | ||